000
00311nam a2200133Ia 4500
100
_a
Krishnamurthy/ V.
942
_c
BK
654
_a
Combinatorics
245
_a
Combinatorics: Theory & Applications
260
_b
East- West Press
_a
New Delhi
_c
1993
082
_a
511.6
_b
PAN
546
_a
ENGLISH
999
_c
35079
_d
35079